Human right: major international instruments
Na minha lista:
| Main Authors: | , |
|---|---|
| Formato: | Livro |
| Idioma: | inglês francês |
| Publicado em: |
París
Unesco
1998
|
| Assuntos: | |
| Tags: |
Adicionar Tag
Sem tags, seja o primeiro a adicionar uma tag!
|
MARC
| LEADER | 00000nam a2200000 a 4500 | ||
|---|---|---|---|
| 001 | UCP6809 | ||
| 003 | CL-VaPUC | ||
| 008 | 991119e19980000FR |||||||||||||||||eng|d | ||
| 041 | 0 | 7 | |a eng |2 CL-VaPUC |
| 041 | 0 | 7 | |a fre |2 CL-VaPUC |
| 082 | 0 | 4 | |a 323 |b SYM |2 21 |
| 100 | 0 | |a Symonides, Janusz |e author |9 436104 | |
| 700 | 0 | |a Volodin, Vladimir |e author |9 436105 | |
| 245 | 1 | 0 | |a Human right: major international instruments |
| 246 | 1 | 0 | |a Droits de l'homme: les principaux instruments internationaux |
| 300 | |a 36 p | ||
| 942 | |c BK | ||
| 945 | |d 19991119 00:00:00 |a rbrito | ||
| 260 | |a París |b Unesco |c 1998 | ||
| 650 | 0 | |a Derechos humanos |9 223025 | |
| 583 | |a last modification |c 19991119 00:00:00 |k Rodrigo Vera | ||
| 999 | |c 284242 |d 284240 | ||
| 952 | |0 0 |1 0 |4 0 |6 323_000000000000000_SYM_1998 |7 0 |8 P |9 328091 |a BIBEDU |b BIBEDU |c BIBEDU_PB |d 2019-11-20 |i 3575217 |o 323 SYM 1998 |p 3575217 |r 2024-01-25 |w 2019-11-20 |y BK |k BME | ||